Odborný seminár o výrobe šumivých vín

Bibliographic Details
Main Author: Vilinovič, M. (Author)
Format: Article
Language:Slovak
Subjects:

MARC

LEADER 00000nab a2200000 a 4500
001 vtls000114960
003 SK-MaSNL
005 20260303023915.0
008 111104c1982 xo 0 slo
015 |a SNBRB19rr/mm-uuuuu 
035 |a CL0125064 
040 |a SNKBUCL  |b slo  |c SNKBUCL  |e AACR2 
041 0 |a slo 
044 |a xo  |c SK 
080 |a 663.1/.9  |2 1981 
100 1 |a Vilinovič, M.  |4 aut  |9 932535 
245 1 0 |a Odborný seminár o výrobe šumivých vín  |c M. Vilinovič 
650 0 7 |a víno šumivé  |2 snkbucl  |9 922032 
651 7 |a 5201  |2 snkbucl  |9 277970 
655 7 |a články z novín a časopisov  |2 snkbucl  |9 267496 
773 0 |t Vinohrad  |g Roč. 20, č. 5 (1982), s. 118 
850 |a Slovenská národná knižnica v Martine  |a MTA001 
852 |a SNK  |b KIS3GCP 
958 |a RK 
992 |a RBX 
999 |c 1637101  |d 1639031